| 000 | 00468nam a2200181Ia 4500 | ||
|---|---|---|---|
| 008 | 240925s9999 xx 000 0 und d | ||
| 020 | _a9789387486553 | ||
| 082 | _a658.404 THI | ||
| 100 | _aThiry, Michel | ||
| 245 | 2 | _aA Framework for Value Management Practice | |
| 250 | _a2nd | ||
| 260 |
_aNew Delhi: _bViva Books _c,2018. |
||
| 300 |
_aVarious pages _b0 _fOriginal |
||
| 500 | _aIncludes Index | ||
| 600 | _aManagement | ||
| 650 | _aManagement | ||
| 942 | _cBK | ||
| 999 |
_c15781 _d15781 |
||